Australian Rugby - Most Starting Tests as a Lock - Statistics

General Stats
  • This quiz has been taken 52 times
  • The average score is 5 of 8
Answer Stats
Tests as a Starting Lock Years Active Player % Correct
84 1991-2001 John Eales
96%
109 2002-2012 Nathan Sharpe
84%
41 2002-2011 Daniel Vickerman
80%
53 2007-2016 James Horwill
59%
57 2010-2019 Rob Simmons
55%
43 1996-2003 David Giffin
29%
40 1989-1995 Rod McCall
27%
38 1982-1991 Steve Cutler
27%
No matching quizzes found
Score Distribution
Percent of People with Each Score
Percentile by Number Answered
Your Score History
You have not taken this quiz